Les albums de Damso - Mort subite - Statistiques

Statistiques générales
  • Ce quiz a été pris 436 fois
  • Le résultat moyen est 6 sur 7
Answers on the Grid
Answers color-coded by a green-red scale on the quiz's grid according to % correct below.
BĒYĀH
BĀYĒH
J'AI MENTI.
VIEUX SONS
Lithopédion
Ipséité
Batterie faible
QALF infinity
Macarena
COEUR EN MIETTES
Triple V
Nocif
Pyramide
KMT
Trône
MILS
 
Statistiques - réponses
Réponse % Correct
Ipséité
85%
Batterie faible
84%
BĒYĀH
83%
Lithopédion
83%
QALF infinity
83%
J'AI MENTI.
78%
VIEUX SONS
68%
Aucun quiz correspondant
Distribution des résultats
% des personnes avec chaque résultat
Percentile par nombre de réponses
Votre historique - résultats
Vous n’avez pas pris ce quiz